| 000 | 00369nam a22001217a 4500 | ||
|---|---|---|---|
| 082 |
_a342.5491 _bCON |
||
| 245 |
_aConstitution of Islamic Republic of Pakistan: _ball amended edition / |
||
| 260 |
_aKarachi : _bThe Ideal Publishers, _c2024. |
||
| 300 | _a234 p. | ||
| 563 | _aHB. | ||
| 650 |
_aLaw, Constitution of Islamic Republic of Pakistan _9128122 |
||
| 942 |
_2ddc _cBK |
||
| 999 |
_c613147 _d613147 |
||